| 000 | 00394nam a2200145Ia 4500 | ||
|---|---|---|---|
| 008 | 210210b1966 xxu||||| |||| 00| 0 eng d | ||
| 082 | _a540 VANL | ||
| 100 | _aVAN PARAG (G). Ed. | ||
| 245 | _aLab investigations. Chemistry. Stage II. | ||
| 260 |
_aLondon _bOther Nuffield Chemistry publications., _c1966 |
||
| 300 | _a112 | ||
| 650 | _aChemistry | ||
| 690 | _aChemistry | ||
| 906 | _aCC00015 | ||
| 999 |
_c109146 _d109146 |
||